Statystyki dla Uzdrowiska w Polsce

Kliknij tutaj aby rozwiązać quiz!

Ogólne statystyki

  • Ten quiz został rozwiązany 222 razy
  • Średni wynik to 19 z 45

Statystyki odpowiedzi

% Poprawnych
kujawsko-pomorskieCiechocinek
80%
dolnośląskieKudowa-Zdrój
72%
małopolskieKrynica-Zdrój
69%
świętokrzyskieBusko-Zdrój
68%
zachodniopomorskieKołobrzeg
62%
dolnośląskiePolanica-Zdrój
62%
małopolskieRabka-Zdrój
59%
dolnośląskieLądek-Zdrój
58%
dolnośląskieDuszniki-Zdrój
57%
śląskieUstroń
56%
lubelskieNałęczów
55%
zachodniopomorskieŚwinoujście
54%
dolnośląskieŚwieradów-Zdrój
53%
podkarpackieIwonicz-Zdrój
52%
pomorskieUstka
50%
kujawsko-pomorskieInowrocław
49%
małopolskieMuszyna-Złockie
47%
małopolskieSzczawnica
47%
zachodniopomorskiePołczyn-Zdrój
44%
pomorskieSopot
44%
małopolskiePiwniczna-Zdrój
43%
podkarpackieRymanów-Zdrój
43%
podlaskieAugustów
38%
dolnośląskieSzczawno-Zdrój
37%
łódzkieUniejów
37%
podkarpackiePolańczyk
35%
świętokrzyskieSolec-Zdrój
35%
podkarpackieHoryniec-Zdrój
34%
dolnośląskieCieplice
33%
warmińsko-mazurskieGołdap
32%
dolnośląskieJedlina-Zdrój
32%
zachodniopomorskieKamień Pomorski
32%
podlaskieSupraśl
32%
mazowieckieKonstancin-Jeziorna
30%
śląskieGoczałkowice-Zdrój
29%
dolnośląskieDługopole-Zdrój
27%
kujawsko-pomorskieWieniec-Zdrój
26%
zachodniopomorskieDąbki
25%
małopolskieWysowa-Zdrój
24%
lubelskieKrasnobród
23%
małopolskieSwoszowice
21%
małopolskieŻegiestów-Zdrój
21%
dolnośląskieCzerniawa-Zdrój
19%
dolnośląskiePrzerzeczyn-Zdrój
17%
małopolskieWapienne
17%

Rozkład punktacji

Percentyl według liczby udzielonych odpowiedzi

Procent ludzi z każdym wynikiem

Twoja historia wyników

Nie rozwiązałeś tego quizu